000 00377nam a2200145Ia 4500
008 230711s9999||||xx |||||||||||||| ||und||
041 _aENG
082 _a624
_bSO-E
100 _aSouth,David W
245 0 _aEncyclopedic dictionary of gears and gearing
250 _a1st
260 _c1995
_aNew Delhi
_bTata McGraw Hill Education Limited
650 _aLiterature
942 _cBK
999 _c2642
_d2642